000 00637nam a2200241Ia 4500
003 OSt
005 20220918223629.0
006 a|||||r|||| 00| 0
007 ta
008 220917b |||||||| |||| 00| 0 eng d
024 _a224,203
037 _cTextual
040 _aARTS
_cARTS
_beng
041 _2eng
_aeng
082 _aD65,8(B), P4
100 _aGill S.S.
_925478
245 0 _aInformation revolution and India
_b A critique
260 _aNew Delhi
_bRupa & Co.
_c2004
300 _axi,329p.
_ccm.
650 _aENGINEERING
_92968
942 _hD65,8(B), P4
_cTEXL
_2CC
999 _c278995
_d278995